[Event "XLIII Sevilla Open 2018"]
[Site "Sevilla"]
[Date "2018.01.20"]
[Round "9"]
[White "Barrero Garcia, Carlos"]
[Black "Xu, Yi"]
[Result "0-1"]
[WhiteElo "2321"]
[BlackElo "2482"]
[Annotator "TA"]
[PlyCount "84"]
[EventDate "2018.??.??"]
[EventType "swiss"]
[EventCountry "ESP"]
[SourceTitle "playchess.com"]
[Source "ChessBase"]
[SourceQuality "1"]

{[%evp 22,84,0,0,0,0,16,8,11,-5,0,-27,-25,-27,-18,-29,-27,-48,-39,-79,-24,-35,-29,-32,-14,-21,-22,-17,-10,-12,-10,-46,-66,-57,-22,-83,-82,-62,-24,-25,-4,-7,-4,-4,-4,-4,0,-11,0,0,0,-10,-10,-18,-22,-95,-94,-210,-195,-230,-172,-210,-210,-204,-204]} 1. d4 Nf6 2. c4 e6 3. Nf3 d5 4. Nc3 Bb4 5. cxd5 exd5 6. Qa4+ Nc6 7. Bg5 h6 8. Bxf6 Qxf6 9. Rc1 O-O 10. e3 a6 11. Be2 Be6 12. O-O Bd6 {D38: Queen's Gambit Declined: Ragozin Defence (4 Nf3 Bb4)} 13. Rfd1 (13. Qc2 Rfe8 14. Na4 Ne7 15. Nc5 Bxc5 16. Qxc5 c6 17. Qb6 Rab8 18. Qc7 Bg4 19. Rfe1 Bxf3 20. Bxf3 {½-½ (80) Dreev,A (2653)-Vachier Lagrave,M (2789) Riadh 2017}) 13... Qg6 14. Nh4 Qf6 {The position is equal.} 15. Nf3 Ne7 {[#]} 16. e4 $146 ({Predecessor:} 16. b4 c6 17. Qb3 Rae8 18. Na4 Ng6 19. Nc5 Re7 20. Qb2 Bg4 21. Nd3 Rfe8 {0-1 (29) Banikas,H (2598)-David,A (2565) Kavala 2009}) 16... dxe4 17. Nxe4 Qf4 18. Nxd6 Qxd6 19. Ne5 c6 20. Qa5 Nd5 (20... Nf5 $17 21. Nf3 Bd5) 21. Bf3 Rad8 22. a3 Bf5 23. g3 Bh3 24. Qc5 Qf6 25. Rd3 Rfe8 26. Be4 Qg5 27. Re1 Nf6 28. Qc3 (28. Bh1 $11 {remains equal.}) 28... Nxe4 $17 29. Rxe4 Bf5 (29... f6 {looks sharper.} 30. Nf3 Qd5 31. Re1 Rxe1+ 32. Nxe1 Kf7) 30. Nf3 Bxe4 (30... Qh5 {seems wilder.} 31. Rxe8+ Rxe8 32. Re3 Re6 33. Ne5 f6) 31. Nxg5 Bxd3 32. Nxf7 $1 Kxf7 33. Qxd3 $11 {[%mdl 4096] Endgame Threatens to win with Qb3+. KQ-KRR} Rd5 34. h4 Red8 35. h5 R8d7 36. g4 Rxd4 37. Qf5+ Kg8 38. g5 (38. Qe5 $11 {keeps the balance.}) 38... hxg5 $17 39. h6 (39. Qe6+ $17 {was necessary.} Rf7 40. Qe8+ Rf8 41. Qe6+ Kh8 42. h6) 39... R4d6 {Black is clearly better.} ({Not} 39... gxh6 40. Qg6+ Kf8 41. Qf6+ Ke8 42. Qe5+ Kf7 43. Qf5+ Kg7 44. Qe5+ Kg8 45. Qe6+ Kg7 46. Qe5+ Kg8 47. Qe6+ Kg7 48. Qe5+ $11) 40. hxg7 {[#] White threatens Qf8+ and mate.} Kxg7 41. Kf1 Rd5 42. Qe6 Rf7 {Precision: White = 32%, Black = 64%.} 0-1

[Event "XLIII Sevilla Open 2018"]
[Site "Sevilla"]
[Date "2018.01.20"]
[Round "9"]
[White "Rodriguez Perez, Angel Mariano"]
[Black "Gomez Ledo, Roberto Carlos"]
[Result "0-1"]
[WhiteElo "2227"]
[BlackElo "2436"]
[Annotator "TA"]
[PlyCount "98"]
[EventDate "2018.??.??"]
[EventType "swiss"]
[EventCountry "ESP"]
[SourceTitle "playchess.com"]
[Source "ChessBase"]
[SourceQuality "1"]

{[%evp 16,98,49,42,43,28,46,13,17,0,0,0,0,0,0,0,0,0,28,21,35,21,34,-11,-1,-38,-37,-43,-41,-47,-49,-72,-89,-97,-91,-102,-45,-48,-55,-56,-65,-68,-57,-54,-58,-198,-213,-212,-213,-205,-212,-208,-197,-210,-210,-210,-210,-217,-217,-217,-217,-217,-217,-217,-217,-306,-195,-195,-127,-317,-308,-1840,-1594,-1748,-1575,-3068,-4722,-5180,-5085,-29981,-29982,-29984,-29985,-29983,-29983]} 1. e4 e5 2. Nf3 d6 3. d4 exd4 4. Nxd4 Nf6 5. Nc3 Be7 6. Bc4 O-O 7. O-O c6 8. a4 a5 {C41: Philidor Defence} (8... Nbd7 9. Ba2 Nc5 10. Re1 Re8 11. Qf3 Bg4 12. Qg3 Bf8 13. Bg5 Ne6 14. Nxe6 Bxe6 15. e5 dxe5 16. Rad1 {½-½ (55) Salgado Lopez,I (2627)-Alonso Rosell,A (2530) Linares 2017}) 9. h3 {LiveBook: 3 Games} Na6 10. Qe2 $146 ({Predecessor:} 10. Bf4 Nc5 11. Re1 Be6 12. Bf1 Qb6 13. Qf3 Rad8 14. Rad1 Rfe8 15. b3 Bf8 16. Bg5 Ncd7 17. Qe3 h6 18. Bh4 Be7 19. Bg3 {½-½ (27) Diaz Perez,M (2363)-Almeida Quintana,O (2486) Havana 2015}) 10... Re8 {White has an edge.} 11. Qf3 Nc5 12. Be3 Bf8 13. Bg5 h6 14. Bxf6 $1 Qxf6 15. Qxf6 gxf6 16. Rfe1 f5 17. exf5 Bd7 18. g4 d5 19. Bb3 Bg7 $36 {[%mdl 2048] Black has some pressure.} 20. Nf3 Ra6 21. Rxe8+ Bxe8 22. Re1 Kf8 $1 23. h4 Bd7 24. Ne5 Bxe5 25. Rxe5 f6 (25... Rb6 $17 26. Nxd5 cxd5 27. Rxd5 Nxb3 28. Rxd7 Na1) 26. Re2 $15 Rb6 27. Rd2 Rb4 28. f3 Nxb3 29. cxb3 Rxb3 30. Ne4 (30. Kf2 $15) 30... dxe4 $19 31. Rxd7 exf3 {[%mdl 4096] Endgame KR-KR} ({Don't take} 31... Rxb2 32. fxe4 Re2 33. e5 $15) (31... Rxf3 32. Kg2 $15) 32. Kf2 Rxb2+ 33. Kxf3 Rb3+ 34. Kf4 Rb4+ 35. Kf3 b5 $1 ({Not} 35... Rxa4 36. Rxb7 Ra3+ 37. Kf2 $15) 36. Rd6 Ke7 37. Re6+ Kf7 38. Rxc6 Rxa4 ({Weaker is} 38... bxa4 39. Rc5 $11) 39. Rc7+ Ke8 40. Rc6 (40. Ra7 $142 b4 41. Rb7) 40... Ke7 41. Rc7+ {[#]} Kd8 $1 {[%cal Rd8c7]} 42. Rf7 $2 {[#]} (42. Rb7 $17) 42... b4 $1 {[%cal Bb5b4,Bb4b3,Bb3b2][%mdl 32] White must now prevent ...b3.} 43. Rxf6 $2 (43. Rb7) 43... b3 44. Rd6+ Ke7 45. Rd1 b2 46. Rb1 Rb4 47. g5 hxg5 {Black mates.} 48. hxg5 a4 49. g6 Kf6 {Precision: White = 40%, Black = 82%.} 0-1